Building Materials and Construction (Record no. 532524)

000 -LEADER
fixed length control field 00436nam a22001577a 4500
020 ## - INTERNATIONAL STANDARD BOOK NUMBER
International Standard Book Number -
082 ## - DEWEY DECIMAL CLASSIFICATION NUMBER
Classification number 692.3
Author Mark SON
100 ## - MAIN ENTRY--PERSONAL NAME
Personal name Soni Saurabh Kumar
245 ## - TITLE STATEMENT
Title Building Materials and Construction
260 ## - PUBLICATION, DISTRIBUTION, ETC.
Place of publication, distribution, etc. New Delhi :
Name of publisher, distributor, etc. S.K. Kataria & Sons;
Date of publication, distribution, etc. 2014.
300 ## - PHYSICAL DESCRIPTION
Extent 484p.
942 ## - ADDED ENTRY ELEMENTS (KOHA)
Source of classification or shelving scheme
Koha item type Book
504 ## - BIBLIOGRAPHY, ETC. NOTE
Bibliography, etc. note Includes bibliography
650 ## - SUBJECT ADDED ENTRY--TOPICAL TERM
Topical term or geographic name entry element Building constructions
650 ## - SUBJECT ADDED ENTRY--TOPICAL TERM
-- 18370
Holdings
Withdrawn status Lost status Source of classification or shelving scheme Damaged status Not for loan Permanent Location Current Location Date acquired Total Checkouts Total Renewals Full call number Barcode Date last seen Date last checked out Price effective from Koha item type
          School of Civil and Environmental Engineering (SCEE) School of Civil and Environmental Engineering (SCEE) 11/25/2019 3 2 692.3 SON NIT-12405 04/10/2023 01/11/2023 11/25/2019 Book
© 2023 Central Library, National University of Sciences and Technology. All Rights Reserved.